=LDR 00000nam 2200000 4500 =001 INLIS000000000005192 =005 20130612093439 =008 ***********************************Ind** =035 ##$$0010-061300000005192 =041 ##$$a Ind =082 ##$$a 658.85 =090 ##$$a 658.85, See k =100 ##$$a SEELYE, Richard S =245 ##$$a Kiat menjual kala konsumen berkata "tidak", Richard S. Seelye, William, O. Moody =260 ##$$a 1994 $b Jakarta =300 ##$$a 274 hlm, 21 cm =650 ##$$a Manajemen Penjualan =700 ##$$a MOODY, William O =850 ##$$a NBPNMAT